Georges Bernanos - La France contre les robots - Statistiques

Statistiques générales
  • Ce quiz a été pris 3 fois
  • Le résultat moyen est 9 sur 16
Statistiques - réponses
Questions Réponses % Correct
Personnages historiques de différents siècles qui, selon Georges Bernanos, avaient la même idée que les hommes de la Convention sur le droit absolu de l'État, la conception romaine de l'État :
- deux Empereurs
- un ministre d'État
- un Pape
- un roi d'Angleterre
Henri VIII
100%
Inscription de jeunes gens pour le service militaire obligatoire. Bernanos nous rappelle dans son livre qu'elle avait été votée par la Convention sous la Révolution française bien qu'on l'attribue volontiers à "l'Empereur". La conscription
100%
Œuvre précédente de Georges Bernanos, publiée après la Guerre d'Espagne et dans laquelle il a dénoncé les répressions franquistes après avoir initialement soutenu Franco. Dans "La France contre les robots", Georges Bernanos cite cette œuvre passée où il disait que "la colère des imbéciles menaçait le monde" alors que désormais, elle "ravage" la terre. "Les imbéciles ne savent pas ce qu’ils veulent". Les Grands cimetières sous la lune
100%
Personnages historiques de différents siècles qui, selon Georges Bernanos, avaient la même idée que les hommes de la Convention sur le droit absolu de l'État, la conception romaine de l'État : - deux Empereurs - un ministre d'État - un Pape - un roi d'Angleterre Napoléon Bonaparte
100%
Année de publication de "La France contre les robots" de Georges Bernanos. 1947
50%
Inventeur du procédé de collecte systématique des empreintes digitales, cité par Georges Bernanos dans son livre qui dit qu'en son temps, le procédé de ce monsieur n'était redoutable qu'aux criminels. Alphonse Bertillon
50%
Roi que Georges Bernanos cite comme le "dernier de nos rois Bourbon" et qui, selon lui, était d'avis que "le plus grand malheur des Français fut assurément de se diviser sur une Révolution qui aurait dû les unir". Henri V /Le comte de Chambord
50%
Complétez cet extrait du livre de Georges Bernanos (un seul mot manquant) : "Au petit bourgeois français refusant de laisser prendre ses empreintes digitales, l’_________ de profession, le parasite ________, toujours complice du pouvoir, même quand il paraît le combattre, ripostait avec dédain que ce préjugé contre la Science risquait de mettre obstacle à une admirable réforme des méthodes d’identification, qu’on ne pouvait sacrifier le Progrès à la crainte ridicule de se salir les doigts." Le mot manquant se dit de quelqu'un qui a un goût prononcé (ou excessif) pour les choses de l'esprit. Intellectuel
50%
Système institutionnel envers lequel selon Georges Bernanos, le peuple a le droit se dire quitte car il a sacrifié deux millions de morts et les trois quart de la fortune nationale entre 1914 et 1918 et il lui a été demandé le sacrifice totale en 1939. La démocratie
50%
Personnages historiques de différents siècles qui, selon Georges Bernanos, avaient la même idée que les hommes de la Convention sur le droit absolu de l'État, la conception romaine de l'État :
- deux Empereurs
- un ministre d'État
- un Pape
- un roi d'Angleterre
le cardinal de Richelieu
50%
Affluent du Rhône sur lequel navigua le bateau à vapeur de François de Jouffroy d'Abbans dès le XVIIIe siècle, sous l'Ancien Régime, comme le rappelle Georges Bernanos dans son livre. Le Doubs
50%
Complétez cette citation du livre : "Un monde gagné pour la Technique est perdu pour la ______". Liberté
50%
Roi de France, cité par Bernanos, qui se plaignait en ces termes : « Nos Parlements élèvent leur autorité au-dessus de la nôtre, puisqu’ils nous réduisent à la simple faculté de leur proposer nos volontés, se réservant d’en empêcher l’exécution. » Louis XV
50%
Personnages historiques de différents siècles qui, selon Georges Bernanos, avaient la même idée que les hommes de la Convention sur le droit absolu de l'État, la conception romaine de l'État :
- deux Empereurs
- un ministre d'État
- un Pape
- un roi d'Angleterre
Charles Quint
0%
Complétez ces extraits (suite du précédent) du livre de Georges Bernanos (un seul mot manquant) : "Erreur profonde ! Ce n’était pas ses doigts que le petit bourgeois français, l’immortel La Brige de Courteline, craignait de salir, c’était sa ______, c’était son âme. [...] On avait beau lui dire : « Que risquez-vous ? [...] Le criminel seul trouve avantage à se cacher… » Il reconnaissait bien que le raisonnement n’était pas sans valeur, mais il ne se sentait pas convaincu." [...] "C’était sa ______ qu’il croyait seulement défendre, et il défendait avec elle nos sécurités et nos vies. Depuis vingt ans, combien de millions d’hommes, en Russie, en Italie, en Allemagne, en Espagne, ont été ainsi, grâce aux empreintes digitales, mis dans l’impossibilité non pas seulement de nuire aux Tyrans, mais de s’en cacher ou de les fuir ?" Dignité
0%
Personnages historiques de différents siècles qui, selon Georges Bernanos, avaient la même idée que les hommes de la Convention sur le droit absolu de l'État, la conception romaine de l'État :
- deux Empereurs
- un ministre d'État
- un Pape
- un roi d'Angleterre
Jules II
0%
Aucun quiz correspondant
Distribution des résultats
% des personnes avec chaque résultat
Percentile par nombre de réponses
Votre historique - résultats
Vous n’avez pas pris ce quiz